Statistieken voor Landen in Afrika

Klik hier om de quiz te nemen!

Algemene statistieken

  • Deze quiz is 14.836 keer genomen
  • De gemiddelde score is 37 van 54

Antwoorden op de kaart

Antwoorden kleurgecodeerd door een groen-rode schaal op de quizkaart volgens % correct hieronder.
Laden...
 

Antwoordstatistieken

Land% Correct
Zuid-Afrika
97%
Marokko
97%
Egypte
97%
Madagaskar
94%
Niger
90%
Algerije
89%
Democratische Republiek Congo
89%
Republiek Congo
89%
Nigeria
88%
Libië
85%
Tunesië
84%
Soedan
82%
Ethiopië
81%
Somalië
78%
Zuid-Soedan
77%
Mali
77%
Ivoorkust
76%
Kenia
75%
Zimbabwe
75%
Ghana
74%
Senegal
72%
Zambia
70%
Angola
70%
Namibië
70%
Tsjaad
69%
Mozambique
69%
Tanzania
68%
Botswana
68%
Eritrea
65%
Kameroen
65%
Lesotho
65%
Centraal-Afrikaanse Republiek
65%
Mauritanië
64%
Togo
63%
Oeganda
63%
Kaapverdië
63%
Rwanda
62%
Gambia
62%
Eswatini
61%
Guinee
61%
Burkina Faso
59%
Benin
58%
Liberia
58%
Mauritius
57%
Malawi
56%
Burundi
55%
Gabon
54%
Sierra Leone
54%
Djibouti
54%
Seychellen
50%
Guinee-Bissau
49%
Comoren
48%
Equatoriaal-Guinea
46%
Sao Tomé en Principe
40%

Scoreverdeling

Percentiel versus Aantal Correcte Antwoorden

Procent van Mensen met Elke Score

Uw Scoregeschiedenis

U heeft deze quiz nog niet genomen